000 01051nam a22002777a 4500
005 20250819074906.0
008 250819b ||||| |||| 00| 0 eng d
020 _a9780393713633
040 _aCO-BoUCM
_cDavid Moreno
_dDavid Moreno
041 _aeng
060 _aWM 430
100 1 _aChristensen, Andrew
_9186516
245 1 0 _aIntegrative behavioral couple therapy
_ba therapist's guide to creating acceptance and change
_cAndrew Christensen, Brian Doss, and Neil S. Jacobson.
250 _a1a.Ed
260 _aNew York
_bW.W. Norton & Company
_c2020
300 _axvii, 396 Paginas
504 _aIncluye referencias bibliográficas e índices
650 1 4 _aPsicoterapia de pareja
_9186517
650 1 4 _aTerapia conductual integrativa
_9186518
650 1 4 _aRelaciones de pareja
_923439
653 _aAceptación y cambio
700 1 _aDoss, Brian David
_9186519
700 1 _aJacobson, Neil S.
_9186520
700 1 _aBased on (work): Jacobson, Neil S.
_9186521
942 _2DEWEY
_a15
_cLIBRO
_e1
_hWM 430
_mC554i
_n0
999 _c325676
_d325676